MEGA Harry Potter Character Quiz - Statistics

General Stats
  • This quiz has been taken 159 times
  • The average score is 203 of 371
Answer Stats
Answer % Correct
Harry James Potter
94%
Fred II Weasley
92%
Fred Weasley
92%
George Weasley
92%
Molly II Weasley
92%
Molly Weasley
92%
Arthur Weasley
90%
Charlie Weasley
90%
Ginny Weasley
90%
Lily Luna Potter
90%
Percy Weasley
90%
Ronald Weasley
90%
James Potter
89%
James Sirius Potter
89%
Albus Dumbledore
88%
Bill Weasley
88%
Hugo Weasley
88%
Rose Weasley
88%
Victoire Weasley
88%
Draco Malfoy
87%
Louis Weasley
87%
Lucius Malfoy
87%
Aberforth Dumbledore
86%
Sirius Black
86%
Dominique Weasley
86%
Dudley Dursley
86%
Muriel Weasley
86%
Narcissa Malfoy
86%
Percival Dumbledore
86%
Petunia Dursley
86%
Albus Severus Potter
85%
Ariana Dumbledore
85%
Cedric Diggory
85%
Kendra Dumbledore
85%
Marge Dursley
85%
Regulus Black
85%
Remus Lupin
85%
Roxanne Weasley
85%
Severus Snape
85%
Vernon Dursley
85%
Hermione Granger
83%
Lucy Weasley
83%
Neville Longbottom
83%
Walburga Black
83%
Amos Diggory
82%
Bilius Weasley
82%
Luna Lovegood
82%
Phineas Nigellus Black
82%
Scorpius Malfoy
82%
Alice Longbottom
81%
Andromeda Tonks
81%
Augusta Longbottom
81%
Bellatrix Lestrange
81%
Abraxas Malfoy
81%
Fleur Delacour
81%
Frank Longbottom
81%
Gregory Goyle
81%
Hannah Abbott
81%
Minerva McGonagall
81%
Nymphadora Tonks
81%
Orion Black
81%
Rabastan Lestrange
81%
Rodolphus Lestrange
81%
Teddy Lupin
81%
Tom Marvolo Riddle
81%
Tom Riddle
81%
Vincent Crabbe
81%
Cho Chang
80%
Mr Crabbe
80%
Mr Goyle
80%
Tobias Snape
80%
Xenophilius Lovegood
80%
Dean Thomas
79%
Gabrielle Delacour
79%
Pomona Sprout
79%
Ted Tonks
79%
Alastor Moody
77%
Alphard Black
77%
Dobby
77%
Pandora Lovegood
77%
Amelia Bones
76%
Barty Crouch Jr
76%
Barty Crouch Sr
76%
Elladora Black
76%
Quirinus Quirrell
76%
Seamus Finnigan
76%
Susan Bones
76%
Viktor Krum
76%
Apolline Delacour
75%
Filius Flitwick
75%
Marvolo Gaunt
75%
Merope Gaunt
75%
Monsieur Delacour
75%
Morfin Gaunt
75%
Poppy Pomfrey
75%
Zacharias Smith
75%
Alecto Carrow
74%
Algie Longbottom
74%
Amycus Carrow
74%
Argus Filch
74%
Hepzibah Smith
74%
Oliver Wood
74%
Pansy Parkinson
74%
Rubeus Hagrid
74%
Angelina Johnson
73%
Blaise Zabini
73%
Firenze
73%
Gilderoy Lockhart
73%
Katie Bell
73%
Kreacher
73%
Yaxley
73%
Alicia Spinnet
71%
Cornelius Fudge
71%
Horace Slughorn
71%
Igor Karkaroff
71%
Padma Patil
71%
Parvati Patil
71%
Winky
71%
Dolores Umbridge
70%
Elphias Doge
70%
Salazar Slytherin
70%
Edgar Bones
69%
Hedwig
69%
Helena Ravenclaw
69%
Mr Granger
69%
Mrs Granger
69%
Nearly Headless Nick
69%
Olympe Maxime
69%
Rowena Ravenclaw
69%
Sybill Trelawney
69%
Bane
68%
Bathilda Bagshot
68%
Colin Creevey
68%
Dennis Creevey
68%
Ernie MacMillan
68%
Helga Hufflepuff
68%
Peter Pettigrew
68%
Aragog
67%
Buckbeak
67%
Garrick Ollivander
67%
Godric Gryffindor
67%
Irma Pince
67%
Justin Finch-Fletchley
67%
Rolanda Hooch
67%
Rufus Scrimgeour
67%
Cuthbert Binns
65%
Dedalus Diggle
65%
Ignotus Peverell
65%
Lee Jordan
65%
Ludo Bagman
65%
Marcus Flint
65%
Terry Boot
65%
Antioch Peverell
64%
Arabella Figg
64%
Cadmus Peverell
64%
Fabian Prewett
64%
Gideon Prewett
64%
Cassandra Trelawney
63%
Hestia Jones
63%
Lavender Brown
63%
Nagini
63%
Pigwidgeon
63%
Aurora Sinistra
62%
Bloody Baron
62%
Charity Burbage
62%
Cormac McLaggen
62%
Crookshanks
62%
Gellert Grindelwald
62%
Griphook
62%
Millicent Bulstrode
62%
Pius Thicknesse
62%
Septima Vector
62%
Wilhelmina Grubbly-Plank
62%
Astoria Greengrass
61%
Bertha Jorkins
61%
Kingsley Shacklebolt
61%
Madam Rosmerta
61%
Marcus Belby
61%
Moaning Myrtle
61%
Stan Shunpike
61%
Theodore Nott
61%
Daphne Greengrass
60%
Eileen Prince
60%
Hokey
60%
Mr Nott
60%
Mykew Gregorovitch
60%
Norbert
60%
Romilda Vane
60%
Antonin Dolohov
58%
Errol
58%
Fang
58%
Fat Friar
58%
Fat Lady
58%
Anthony Goldstein
57%
Avery
57%
Bob Ogden
57%
Emmeline Vance
57%
Fenrir Greyback
57%
Frank Bryce
57%
Gwenog Jones
57%
Mafalda Hopkirk
57%
Magorian
57%
Mrs Norris
57%
Mundungus Fletcher
57%
Nicholas Flamel
57%
Otto Bagman
57%
Perenelle Flamel
57%
Sturgis Podmore
57%
Walden Macnair
57%
Arnold
56%
Fawkes
56%
Fluffy
56%
Grawp
56%
Hermes
56%
Madam Malkin
56%
Michael Corner
56%
Piers Polkiss
56%
Roger Davies
56%
Ronan
56%
Tiberius McLaggen
56%
Tom
56%
Augustus Rookwood
55%
Damocles Belby
55%
Flavius Belby
55%
Penelope Clearwater
55%
Demelza Robins
54%
Marietta Edgecombe
54%
Mary Cattermole
54%
Patrick Delaney Podmore
54%
Rita Skeeter
54%
Adrian Pucey
52%
Peeves
52%
Rowle
52%
Evan Rosier
51%
John Dawlish
51%
Lily Potter (Evans)
51%
Marlene McKinnon
51%
Professor Kettleburn
51%
Albert Runcorn
50%
Armando Dippet
50%
Bogrod
50%
Borgin
50%
Broderick Bode
50%
Caractucus Burke
50%
Dirk Cresswell
50%
Ernie Prang
50%
Reg Cattermole
50%
Sir Cadogan
50%
Tiberius Ogden
50%
Trevor
50%
Druella Rosier
49%
Florean Fortescue
49%
Montague
49%
Mr Rosier
49%
Newt Scamander
49%
Twycross
49%
Mark Evans
48%
Su Li
48%
Aidan Lynch
46%
Jack Sloper
46%
Madam Edgecombe
46%
Ritchie Coote
46%
Griselda Marchbanks
45%
Jimmy Peakes
45%
Porpentina Scamander
45%
Rolf Scamander
45%
Travers
45%
Warrington
45%
Andrew Kirke
44%
Celestina Warbeck
43%
Euan Abercrombie
43%
Mulciber
43%
Scabior
43%
Glanmore Peakes
42%
Algulf the Awful
40%
Beedle the Bard
40%
Benjy Fenwick
40%
Eargit the Awful
40%
Roberts
40%
Cornelius Agrippa
39%
Dilys Derwent
39%
Karkus
39%
Mrs Cole
39%
Hassan Mostafa
38%
Merlin
38%
Moran
38%
Tofty
38%
Doris Crockford
37%
Fridwulfa
37%
Golgomath
37%
Olive Hornby
37%
Leanne
36%
Levski
35%
Miles Bletchley
35%
Perkins
35%
Selwyn
35%
Ali Bashir
33%
Bertie Bott
33%
Caradoc Dearborn
33%
Everard
33%
Ivanova
33%
Mullet
32%
Troy
32%
Gawain Robards
31%
Mr Mason
31%
Mrs Mason
31%
Connolly
30%
Stewart Ackerley
29%
Tracey Davis
29%
Sanguini
27%
Fulbert the Fearful
26%
Poliakoff
26%
Millicent Bagnold
24%
Volkov
20%
Vulchanov
20%
Fingal the Fearless
19%
Gladys Gudgeon
19%
Davey Gudgeon
18%
Babbling
17%
Eddie Carmichael
15%
Mandy Brocklehurst
15%
Emeric the Evil
14%
Emma Dobbs
14%
Greta Catchlove
14%
Madam Puddifoot
14%
Tenebrus
13%
Elfric the Eager
12%
Proudfoot
12%
Terrence Higgs
11%
Stebbins
10%
Dorcas Meadowes
8%
Natalie McDonald
8%
Violet
8%
Madam Marsh
7%
Uric the Oddball
7%
Galatea Merrythought
5%
Kirley McCormack
5%
Adalbert Waffling
4%
Lisa Turpin
4%
Miranda Goshawk
4%
Sally-Anne Perks
4%
Arsenius Jigger
2%
Cassandra Vablatsky
2%
Jugson
2%
Phyllida Spore
2%
Amy Benson
1%
Barnabus the Barmy
1%
Beatrix Bloxam
1%
Bertram Aubrey
1%
Gregory the Smarmy
1%
Kirley Duke
1%
Morag MacDougal
1%
Myron Wagtail
1%
Owen Cauldwell
1%
Ambrosius Flume
0%
Egbert the Egregious
0%
Erica Stainwright
0%
Ethelred the Ever-Ready
0%
Glenda Chittock
0%
Graham Pritchard
0%
Hengist of Woodcroft
0%
Herpo the Foul
0%
Janus Thickey
0%
Laura Madley
0%
Lily Moon
0%
Maladora Grymm
0%
Merwyn the Malicious
0%
Morgan Le Fey
0%
Savage
0%
Wendelin the Weird
0%
No matching quizzes found
Score Distribution
Percent of People with Each Score
Percentile by Number Answered
Your Score History
You have not taken this quiz